[Event "Hessenliga 1992/93"]
[Site "Germany"]
[Round "0"]
[White "Schnelzer Reinhold Dr (GER)"]
[Black "Ochs Holger (GER)"]
[Result "1/2-1/2"]
[WhiteElo "2264"]
[BlackElo "2225"]

1.Nf3 Nf6 2.c4 d6 3.d4 Bg4 4.Nc3 Bxf3 5.gxf3 e5 6.dxe5 dxe5 7.Qxd8+ Kxd8 8.f4
Nbd7 9.Bg2 c6 10.O-O Bd6 11.fxe5 Bxe5 12.Bd2 Re8 13.Rfe1 Nh5 14.e3 f5 15.Ne2
Kc7 16.Nd4 Nc5 17.Ba5+ b6 18.Nxc6 Bxb2 19.Rab1 bxa5 20.Rxb2 Nd3 21.Reb1 Nxb2
22.Rxb2 Nf6 23.Nxa5 Rab8 24.Nb3 Ne4 25.Rc2 g6 26.Bf3 Rb4 27.Kg2 a6 {#d}
1/2-1/2

[Event "It"]
[Site "Goteborg (Sweden)"]
[Round "2"]
[White "Grabarczyk Miroslaw (POL)"]
[Black "Zhuravliov Valerij (LAT)"]
[Result "1-0"]
[WhiteElo "2455"]
[BlackElo "2391"]

1.d4 Nf6 2.c4 d6 3.Nf3 Bg4 4.Qb3 Qc8 5.h3 Bxf3 6.Qxf3 e5 7.d5 Nbd7 8.Nc3 Be7
9.g4 Nc5 10.g5 Nfd7 11.h4 a5 12.h5 O-O 13.Bh3 Qe8 14.Be3 Nb6 15.Bxc5 dxc5
16.Ne4 Nxc4 17.h6 Ra6 18.hxg7 Kxg7 19.Bf5 h6 20.Qc3 b5 21.b3 Na3 22.O-O-O Bd8
23.Rdg1 Rh8 24.gxh6+ Kf8 25.h7 Bf6 26.Nxf6 Rxf6 27.Qxc5+ {#r} 1-0

[Event "Ch Greece"]
[Site "Greece"]
[Round "0"]
[White "Skembris Spyridon (GRE)"]
[Black "Pandavos Panayotis (GRE)"]
[Result "1/2-1/2"]
[WhiteElo "2545"]
[BlackElo "2247"]

1.d4 Nf6 2.Nf3 d6 3.c4 Bg4 4.Nc3 Nbd7 5.e4 c6 6.h3 Bxf3 7.Qxf3 g6 8.Be2 Bg7
9.O-O O-O 10.Rd1 Qc7 11.Qg3 a6 12.c5 Rfe8 13.Bf3 e5 14.cxd6 Qxd6 15.dxe5 Qxe5
16.Bf4 Qe7 17.Bd6 Qe6 18.Rd2 Ne5 19.Bxe5 Qxe5 20.Qxe5 Rxe5 21.Rad1 Bf8 22.a3
a5 23.Rd8 Rxd8 24.Rxd8 b5 25.Rc8 b4 26.axb4 axb4 27.Na4 Nxe4 28.Nb6 Nf6
29.Rxc6 Re1+ 30.Kh2 Kg7 31.g3 Rb1 32.Nc4 Rc1 33.Kg2 h6 34.Ne5 Rxc6 35.Bxc6 g5
36.Kf3 Bd6 37.Nd3 Ng8 38.Ke4 Ne7 39.Bd7 h5 40.Kd4 f5 41.Kc4 g4 42.hxg4 fxg4
43.Be8 Kh6 44.b3 Nf5 45.Bd7 Ne7 46.Nxb4 h4 47.gxh4 g3 48.fxg3 Bxg3 49.Nd3 Ng6
50.h5 {#d} 1/2-1/2

[Event "It (open)"]
[Site "Groningen (Netherlands)"]
[Round "3"]
[White "Skalik Przemyslaw (POL)"]
[Black "Arbakov Valentin (RUS)"]
[Result "0-1"]
[WhiteElo "2340"]
[BlackElo "2444"]

1.d4 Nf6 2.c4 d6 3.Nf3 Bg4 4.Qb3 Qc8 5.h3 Bf5 6.Nc3 g6 7.g4 Bd7 8.e4 h5 9.g5
Nh7 10.Be3 Bg7 11.O-O-O O-O 12.Nh4 e5 13.f4 exf4 14.Bxf4 Nc6 15.Ne2 Re8 16.Bg2
Nf8 17.Qg3 a5 18.Kb1 a4 19.Rhf1 Na5 20.Rc1 b5 21.c5 dxc5 22.Bxc7 Nc4 23.Qf4
Be6 24.d5 Bxd5 25.exd5 Rxe2 26.Qxf7+ Kh7 27.Rf6 Qe8 28.Qxe8 Raxe8 29.Bf3 Rxb2+
30.Ka1 Rc2 {#R} 0-1

[Event "It (open)"]
[Site "Illinois (USA)"]
[Round "3"]
[White "Pelts Peter (USA)"]
[Black "Cohen Harry S (USA)"]
[Result "1-0"]
[WhiteElo "2332"]
[BlackElo "2055"]

1.Nf3 d6 2.d4 Bg4 3.c4 Nf6 4.g3 Nbd7 5.Bg2 h6 6.Bf4 c6 7.Nc3 Qa5 8.O-O e5
9.Be3 Be7 10.Qc2 Nh7 11.Rfd1 O-O 12.h3 exd4 13.Nxd4 Be6 14.Bxc6 bxc6 15.Nxc6
Qh5 16.Nxe7+ Kh8 17.Ncd5 Ng5 18.Bxg5 hxg5 19.Nc7 Bxh3 20.Nxa8 Re8 21.Qe4 Nf6
22.Qf3 Bg4 23.Qh1 Bh3 24.Nd5 Ne4 25.Nac7 Re5 26.Nc3 Nxc3 27.bxc3 Rxe2 28.Nd5
f5 29.Re1 Rd2 30.Nf6 gxf6 31.Qa8+ {#r} 1-0

[Event "It (open)"]
[Site "Iraklion (Greece)"]
[Round "4"]
[White "Skembris Spyridon (GRE)"]
[Black "Rajkovic Dusan (SRB)"]
[Result "1/2-1/2"]
[WhiteElo "2545"]
[BlackElo "2415"]

1.d4 Nf6 2.c4 d6 3.Nf3 Bg4 4.Nc3 c6 5.e4 e5 6.Be2 Nbd7 7.O-O Be7 8.Be3 O-O
9.Rb1 a6 10.a3 Qc7 11.Nd2 Bxe2 12.Qxe2 Rfe8 13.d5 h6 14.Rfc1 Nh7 15.b4 Rec8
16.g3 Bg5 17.c5 Bxe3 18.Qxe3 Nhf6 19.cxd6 Qxd6 20.Nc4 Qe7 21.dxc6 Rxc6 22.Nd5
Qe6 23.Nxf6+ Nxf6 24.Na5 Rxc1+ 25.Rxc1 Rc8 26.Nxb7 Rxc1+ 27.Qxc1 Nxe4 28.Nc5
Qc6 29.Qc4 Ng5 30.Qxa6 Qf3 31.Qc8+ Kh7 32.h4 Qd1+ 33.Kg2 Qf3+ 34.Kg1 Qd1+
35.Kg2 {#d} 1/2-1/2

[Event "It (open)"]
[Site "Katowice (Poland)"]
[Round "6"]
[White "Castaneda Georgui (PER)"]
[Black "Savon Vladimir A (UKR)"]
[Result "1/2-1/2"]
[WhiteElo "2512"]
[BlackElo "2450"]

1.d4 Nf6 2.Nf3 d6 3.c4 Bg4 4.Qb3 Qc8 5.h3 Bxf3 6.Qxf3 g6 7.Nc3 Nc6 8.Be3 Bg7
9.O-O-O Nd7 10.g4 Na5 11.Qd5 b6 12.Bg2 c6 13.Qe4 Nxc4 14.Bg5 e6 15.Qxc6 Qxc6
16.Bxc6 Rc8 17.Bb5 h6 18.Bf4 Ke7 19.Ba6 Rc6 20.d5 exd5 21.Nxd5+ Ke6 22.Bb5
Bxb2+ 23.Kb1 Na3+ 24.Kxb2 Nxb5 25.a4 Rc5 26.Ne3 Nc3 27.Rxd6+ Ke7 28.Rd4 Rcc8
29.Rc1 Nxe2 30.Rxc8 Rxc8 31.Re4+ Kd8 32.Bxh6 Nc3 33.Rd4 b5 34.Bg5+ Ke8 35.axb5
f6 36.Bf4 Nxb5 {#d} 1/2-1/2

[Event "It"]
[Site "Linares (Mexico)"]
[Round "2"]
[White "Vera Reynaldo (CUB)"]
[Black "Sunye Neto Jaime (BRA)"]
[Result "1/2-1/2"]
[WhiteElo "2535"]
[BlackElo "2540"]

1.d4 Nf6 2.Nf3 d6 3.c4 Bg4 4.Nc3 Nbd7 5.Nd2 e5 6.d5 Nb6 7.f3 Bc8 8.e4 Be7 9.b4
a5 10.bxa5 Rxa5 11.Nb3 Ra8 12.Be3 Bd7 13.c5 Na4 14.Nxa4 Bxa4 15.cxd6 Bxd6
16.Bd3 Bb4+ 17.Kf2 O-O 18.Qe2 Qd6 19.Nd2 Bc5 20.Nc4 Bxe3+ 21.Qxe3 Qe7 22.Rhb1
Rfb8 23.Rb2 Ne8 24.Rab1 b6 25.Rc1 Bd7 26.Bc2 Nd6 27.Nxd6 Qxd6 28.Bb3 Ra7
29.Rbc2 Rf8 30.Rc3 Kh8 31.Kg1 h6 32.R1c2 Kh7 33.Qe1 Rc8 34.Qc1 Be8 35.h3 Kg8
36.Kh1 Bd7 37.Qe3 Re8 38.Qc1 Rc8 39.Qe1 Re8 40.Rc4 Bb5 41.R4c3 Re7 42.Qb1 Qb4
43.Kh2 Kh7 44.Qc1 {#d} 1/2-1/2

[Event "It (open)"]
[Site "San Sebastian (Spain)"]
[Round "0"]
[White "Veingold Aleksandr (EST)"]
[Black "Yewdokimov Oleg (RUS)"]
[Result "1-0"]
[WhiteElo "2465"]
[BlackElo "2360"]

1.d4 Nf6 2.Nf3 d6 3.c4 Bg4 4.Qb3 Qc8 5.g3 Nc6 6.d5 Bxf3 7.exf3 Nd4 8.Qd1 e5
9.Be3 Nf5 10.Bg5 Nd4 11.Bxf6 Qf5 12.Bg2 Nc2+ 13.Ke2 Nxa1 14.Qa4+ c6 15.dxc6 b5
16.Qxb5 gxf6 17.c7+ Ke7 18.Nc3 Bh6 19.f4 Qc2+ 20.Ke3 exf4+ 21.Kf3 Qd3+ 22.Kg4
f3 23.Qd5 Qxd5 24.Nxd5+ Ke8 25.Bh3 Nc2 26.Kh4 Kf8 27.Ne3 Nd4 28.Bd7 {#r} 1-0

[Event "Zt"]
[Site "Sao Paulo (Brazil)"]
[Round "4"]
[White "Lima Darcy (BRA)"]
[Black "Slipak Sergio (ARG)"]
[Result "1/2-1/2"]
[WhiteElo "2475"]
[BlackElo "2405"]

1.d4 d6 2.Nf3 Nf6 3.c4 Bg4 4.Nc3 Bxf3 5.exf3 g6 6.f4 Bg7 7.g3 O-O 8.Bg2 c6
9.d5 Nbd7 10.O-O Nb6 11.dxc6 bxc6 12.c5 dxc5 13.Bxc6 Rc8 14.Bf3 e6 15.Qe2 Nfd5
16.Bd2 {#d} 1/2-1/2

[Event "It (open)"]
[Site "Zurich (Switzerland)"]
[Round "0"]
[White "Wirthensohn Heinz (SUI)"]
[Black "Schmid Wolfgang (GER)"]
[Result "1/2-1/2"]
[WhiteElo "2359"]
[BlackElo "2229"]

1.Nf3 Nf6 2.c4 d6 3.d4 Bg4 4.Nc3 c6 5.e4 e6 6.Be2 Be7 7.Be3 d5 8.h3 Bxf3
9.Bxf3 dxe4 10.Nxe4 Nxe4 11.Bxe4 Qa5+ 12.Ke2 Nd7 13.Qc2 Nf6 14.Bf3 O-O 15.Rhd1
Rac8 16.a3 h6 17.Kf1 Qc7 18.Rac1 Nh7 19.Kg1 Bg5 20.Be4 Nf6 21.Bxg5 hxg5 22.Re1
Rfd8 23.Rcd1 Rd7 24.Qc3 Rcd8 25.Bc2 g4 26.Re5 gxh3 27.gxh3 Rd6 28.Re3 Qd7
29.Red3 Qe7 {#d} 1/2-1/2

[Event "Verbandsliga North 1993/94"]
[Site "Baden (Germany)"]
[Date "1993.10.17"]
[Round "2"]
[White "Zimmermann Paul (GER)"]
[Black "Messmer Martin (GER)"]
[Result "0-1"]
[WhiteElo "2186"]
[BlackElo "2283"]

1.d4 Nf6 2.Nf3 d6 3.c4 Bg4 4.e3 c6 5.Be2 Nbd7 6.O-O e6 7.Nc3 d5 8.cxd5 cxd5
9.b3 a6 10.Bb2 Bd6 11.h3 Bh5 12.Rc1 O-O 13.Nd2 Bxe2 14.Qxe2 Qa5 15.e4 Nxe4
16.Ncxe4 dxe4 17.Nxe4 Bf4 18.Bc3 Qd5 19.Rc2 Rac8 20.g3 Bb8 21.Rfc1 Rc6 22.Bb2
Rfc8 23.Rc4 Ba7 24.Rxc6 Rxc6 25.Rxc6 Qxc6 26.Qc4 Qxe4 27.Qc8+ Nf8 28.Ba3 h6
29.Qxf8+ Kh7 30.Qxf7 Bxd4 31.Bf8 Qb1+ 32.Kg2 Qxa2 33.Qf3 Qc2 34.Bb4 Qf5
35.Qxf5+ exf5 36.g4 Kg6 37.f4 Kf6 38.Kf3 g6 39.Bf8 h5 40.Bd6 Ke6 41.Bb8 hxg4+
42.hxg4 Kd5 {#R} 0-1

[Event "Staatsliga B South 1993/94"]
[Site "Austria"]
[Round "0"]
[White "Kaspret Guido (AUT)"]
[Black "Singer Richard (AUT)"]
[Result "1-0"]
[WhiteElo "2310"]
[BlackElo "2263"]

1.d4 Nf6 2.Nf3 d6 3.c4 Bg4 4.g3 c6 5.Bg2 g6 6.O-O Qd7 7.Re1 Bg7 8.Nbd2 O-O
9.e4 Ne8 10.Qb3 Nc7 11.e5 Nba6 12.Qc3 Rad8 13.Nb3 d5 14.c5 Nb5 15.Qa5 Qf5
16.a4 Nbc7 17.Qc3 f6 18.Nh4 Qd7 19.f4 Bh3 20.Nf3 Bxg2 21.Kxg2 f5 22.Na5 Ne6
23.b4 Rc8 24.Be3 b6 25.Nb3 bxc5 26.Nxc5 Naxc5 27.dxc5 g5 28.fxg5 f4 29.gxf4
Nxf4+ 30.Bxf4 Rxf4 31.h3 Qf5 32.Ra3 Rf8 33.b5 Rxf3 34.Qxf3 Qc2+ 35.Qe2 Qxc5
36.Rf3 Rxf3 37.Qxf3 cxb5 38.e6 Qc2+ 39.Re2 Qg6 40.Qxd5 bxa4 41.Qa8+ Bf8 42.h4
h6 43.Rf2 Qg7 44.Qxa7 hxg5 45.h5 Qh6 46.Qa8 a3 47.Qe8 {#r} 1-0

[Event "It (b)"]
[Site "Burgas (Bulgaria)"]
[Round "2"]
[White "Kolev Aleksandar (BUL)"]
[Black "Berelovich Aleksandar (GER)"]
[Result "1/2-1/2"]
[WhiteElo "2286"]
[BlackElo "2490"]

1.Nf3 Nf6 2.c4 d6 3.d4 Bg4 4.Qb3 Qc8 5.h3 Bxf3 6.Qxf3 e5 7.e3 Be7 8.Nc3 O-O
9.Bd3 Nc6 10.d5 Nb8 11.e4 Nbd7 12.Be3 c6 13.O-O Bd8 14.Na4 Nb6 15.Nxb6 Bxb6
16.Bg5 Bd8 17.Rac1 Nd7 18.Bd2 Bb6 19.b3 Bd4 20.Kh2 a5 {#d} 1/2-1/2

[Event "It (open)"]
[Site "Copenhagen (Denmark)"]
[Round "7"]
[White "Nielsen Peter Heine (DEN)"]
[Black "Stojanovski Sandi (DEN)"]
[Result "1-0"]
[WhiteElo "2485"]
[BlackElo "2232"]

1.Nf3 Nf6 2.c4 d6 3.d4 Bg4 4.g3 Bxf3 5.exf3 g6 6.Bg2 Bg7 7.O-O O-O 8.f4 Nc6
9.d5 Na5 10.Qa4 c5 11.Bd2 b6 12.Bc3 Qe8 13.Qc2 Qd7 14.Nd2 Ne8 15.Rfe1 Bxc3
16.Qxc3 Ng7 17.h4 Rac8 18.Kh2 Rc7 19.Bh3 f5 20.Re2 Qe8 21.Rae1 Qf7 22.b3 Qf6
23.Qc1 a6 24.Nf3 h6 25.Re3 Nb7 26.Bf1 Nd8 27.Bd3 Rb7 28.R1e2 Ra7 29.Qe1 Re8
30.b4 a5 31.bxc5 bxc5 32.Bc2 e6 33.Ba4 Ree7 34.dxe6 Rxe6 35.Rxe6 Ngxe6 36.Qd2
Nf7 37.Bc6 Kg7 38.Bd5 Nc7 39.h5 g5 40.Bxf7 Qxf7 41.fxg5 Qxh5+ 42.Kg2 Ne8
43.gxh6+ {#r} 1-0

[Event "Ch Finland (team) 1994/95"]
[Site "Finland"]
[Round "3"]
[White "Issakainen Ari (FIN)"]
[Black "Porrasmaa Timo (FIN)"]
[Result "1-0"]
[WhiteElo "2267"]
[BlackElo "2124"]

1.d4 Nf6 2.Nf3 d6 3.c4 Bg4 4.Qb3 Nc6 5.d5 Bxf3 6.gxf3 Nd4 7.Qd1 e5 8.Bh3 g6
9.Nc3 Be7 10.Ne4 c6 11.Nc3 cxd5 12.Qa4+ b5 13.Nxb5 O-O 14.Nxd4 exd4 15.cxd5
Qb6 16.O-O Nxd5 17.f4 Rab8 18.Rd1 Bf6 19.Rd3 Rfe8 20.Bg4 Qc5 21.Bd2 Re7 22.Rc1
Qb5 23.Rc8+ Kg7 24.Qxb5 Rxb5 25.b3 Rc5 26.Rd8 Rxe2 27.Rxd6 Re7 28.b4 Rc2
29.Rxd5 Rxa2 30.f5 Rc7 31.Rc5 Rb7 32.fxg6 hxg6 33.Bf3 Rb6 34.Ra5 Rxa5 35.bxa5
Rb2 36.Kf1 Ra2 37.Bd5 Rb2 38.Ke2 Be5 39.Rb3 {#r} 1-0

[Event "Ch France (team) (2nd division)"]
[Site "France"]
[Round "2"]
[White "Bedos Michel (FRA)"]
[Black "Monnard Laurent (FRA)"]
[Result "0-1"]
[WhiteElo "2263"]
[BlackElo "2240"]

1.d4 Nf6 2.Nf3 d6 3.c4 Bg4 4.Qb3 Qc8 5.Bg5 Nbd7 6.Nbd2 g6 7.e4 Bxf3 8.Qxf3 Bg7
9.Be2 O-O 10.Qe3 e5 11.d5 c6 12.O-O Qc7 13.Rfd1 a5 14.Rac1 Nc5 15.Bf3 Kh8
16.Nb3 Nxb3 17.Qxb3 c5 18.Rc3 Ng8 19.Qc2 f6 20.Bc1 Bh6 21.Bg4 Bxc1 22.Rxc1 Nh6
23.Be6 Nf7 24.Bxf7 Rxf7 25.Rf1 f5 26.f4 fxe4 27.fxe5 Rxf1+ 28.Kxf1 Rf8+ 29.Kg1
Qf7 30.Qe2 dxe5 31.Re3 b5 32.b3 bxc4 33.bxc4 Rb8 34.g3 a4 35.a3 Qf5 36.Qc2 Rf8
37.Qe2 Rb8 38.Qc2 Kg7 39.Rxe4 Rb3 40.g4 Qf3 41.Rxe5 Qxg4+ 42.Kh1 Qf3+ 43.Kg1
Rc3 44.Qf2 Qg4+ {#R} 0-1

[Event "Ch Germany (team)"]
[Site "Germany"]
[Round "2"]
[White "Grassmehl Gerhard (GER)"]
[Black "Ladstetter Josef (GER)"]
[Result "1/2-1/2"]
[WhiteElo "1872"]
[BlackElo "2068"]

1.d4 Nf6 2.c4 d6 3.Nf3 Bg4 4.Nbd2 c6 5.Qb3 Qc7 6.e4 Nbd7 7.Be2 e5 8.h3 Bxf3
9.Nxf3 Nxe4 10.O-O Be7 11.Bd3 Nef6 12.Re1 O-O 13.Bg5 h6 14.Bh4 Rfe8 15.Bf5
exd4 16.Nxd4 {#d} 1/2-1/2

[Event "Ch Hungary (team) 1993/94"]
[Site "Hungary"]
[Round "0"]
[White "Danner Georg (AUT)"]
[Black "Tolnai Tibor (HUN)"]
[Result "1/2-1/2"]
[WhiteElo "2455"]
[BlackElo "2520"]

1.d4 Nf6 2.Nf3 d6 3.c4 Bg4 4.Nc3 Bxf3 5.gxf3 g6 6.Qb3 Qc8 7.Bh3 Nbd7 8.f4 Bg7
9.e4 O-O 10.e5 Nh5 11.Nd5 Qd8 12.Bxd7 Qxd7 13.Qxb7 Rfc8 14.Qc6 Qd8 15.f5 dxe5
16.dxe5 Bxe5 17.Bg5 Bf6 18.Bxf6 exf6 19.O-O Kg7 20.Rad1 Qd6 21.Qxd6 cxd6
22.Rd4 Rab8 23.b4 Rc6 24.b5 Rc5 25.Rb1 g5 26.a4 Nf4 27.Nxf4 gxf4 28.Rxf4 d5
29.cxd5 Rxd5 30.Rc1 a6 31.bxa6 Ra5 32.Rc6 h5 33.Kg2 Rb3 34.Rd4 Ra3 35.Rd7
R3xa4 36.Rcc7 Rg4+ 37.Kf1 Ra1+ 38.Ke2 Rxa6 39.Rxf7+ Kh6 40.Rh7+ Kg5 41.Rhg7+
{#d} 1/2-1/2

[Event "It (cat.17)"]
[Site "Las Palmas (Spain)"]
[Round "0"]
[White "Kamsky Gata (USA)"]
[Black "Adams Michael (ENG)"]
[Result "1-0"]
[WhiteElo "2695"]
[BlackElo "2640"]

1.d4 Nf6 2.Nf3 d6 3.c4 Bg4 4.Nc3 Bxf3 5.gxf3 g6 6.Qb3 Qc8 7.Bh3 Nfd7 8.e4 Bg7
9.Be3 O-O 10.f4 c5 11.dxc5 Nxc5 12.Bxc8 Nxb3 13.Bxb7 Bxc3+ 14.bxc3 Nxa1 15.Kd2
Nd7 16.Bxa8 Rxa8 17.Rxa1 Nc5 18.e5 Ne6 19.exd6 exd6 20.Rb1 Rc8 21.Bxa7 Rxc4
22.Rb4 Rc6 23.a4 Ra6 24.Bb6 Nxf4 25.a5 Nd5 26.Kd3 Kf8 27.Kc4 Nxb4 28.cxb4 Ke7
29.Kb5 Ra8 30.a6 Kd7 31.a7 {#r} 1-0

[Event "It (open)"]
[Site "Linares (Spain)"]
[Round "8"]
[White "Veingold Aleksandr (EST)"]
[Black "Galego Luis (POR)"]
[Result "0-1"]
[WhiteElo "2430"]
[BlackElo "2440"]

1.d4 d6 2.Nf3 Nf6 3.c4 Bg4 4.Qb3 Qc8 5.g3 g6 6.Bg2 Nc6 7.d5 Nb8 8.h3 Bd7 9.Nc3
Na6 10.e4 Bg7 11.Be3 O-O 12.Rd1 c6 13.dxc6 Bxc6 14.Nd4 Bd7 15.g4 Nc5 16.Qc2
Ne6 17.Nxe6 Bxe6 18.b3 h5 19.f3 a6 20.a4 Re8 21.a5 hxg4 22.hxg4 Nd7 23.Na4 Qc6
24.Qf2 Bxc4 25.Qh4 Nf8 26.Bh6 f6 27.Bxg7 Kxg7 28.Rc1 Qb5 29.Rxc4 Qxa5+ 30.b4
Qxa4 31.g5 Qa1+ 32.Kd2 Qb2+ 33.Rc2 Qxb4+ 34.Kc1 Qa3+ 35.Kb1 Qb3+ 36.Kc1 Qe3+
37.Kd1 Qxg5 38.Qh8+ Kf7 39.Bf1 Rac8 40.Rh7+ Nxh7 41.Qxh7+ Ke6 42.Bh3+ f5
43.exf5+ gxf5 44.Bxf5+ Qxf5 45.Re2+ Kf6 {#R} 0-1

[Event "Ch Croatia (team)"]
[Site "Makarska (Croatia)"]
[Round "7"]
[White "Radocaj Denis (CRO)"]
[Black "Kovacevic Vlatko (CRO)"]
[Result "1/2-1/2"]
[WhiteElo "2318"]
[BlackElo "2495"]

1.d4 Nf6 2.c4 d6 3.Nf3 Bg4 4.Nc3 Nbd7 5.Bg5 c6 6.h3 Bxf3 7.exf3 Qa5 8.Qd2 e5
9.Be3 Be7 10.Be2 exd4 11.Bxd4 O-O 12.O-O Rfe8 13.Rfd1 Qc7 14.f4 a5 15.b3 Nc5
16.Bf3 Rad8 17.Rac1 Nfd7 18.Re1 Bf6 19.Rxe8+ Rxe8 20.Rd1 Rd8 21.Be3 Nb8 22.g4
Nba6 23.g5 Be7 24.f5 Bf8 25.Ne2 Qb6 26.Bd4 Re8 27.Bc3 a4 28.b4 Ne4 29.Bxe4
Rxe4 30.Qd3 Re8 31.a3 Qd8 32.h4 Nc7 33.Nf4 b5 34.c5 d5 35.f3 Qd7 36.Re1 Rxe1+
37.Bxe1 g6 38.f6 Ne6 39.Nxe6 Qxe6 40.Bg3 h6 {#d} 1/2-1/2

[Event "It (open)"]
[Site "Metz (France)"]
[Round "7"]
[White "Ikonnikov Vyacheslav (RUS)"]
[Black "Petit Eric-Thierry (FRA)"]
[Result "1/2-1/2"]
[WhiteElo "2520"]
[BlackElo "2057"]

1.d4 Nf6 2.Nf3 d6 3.c4 Bg4 4.Nc3 Bxf3 5.exf3 g6 6.Qb3 Qc8 7.Be3 c6 8.g3 Bg7
9.Bg2 O-O 10.d5 Na6 11.O-O c5 12.Rfe1 Nc7 13.Rad1 Rb8 14.a4 a6 15.Bf1 b6
16.Qc2 Re8 17.Rd2 Qb7 18.Red1 Nd7 19.b3 Bxc3 20.Qxc3 b5 21.axb5 axb5 22.Ra1
Ra8 23.Bh6 f6 24.Rxa8 Rxa8 25.f4 bxc4 26.bxc4 Qb1 27.Rb2 Qd1 28.Qb3 Qxb3
29.Rxb3 Rb8 30.Rxb8+ Nxb8 31.f5 gxf5 32.Bd2 Nd7 33.f4 e5 34.dxe6 Nxe6 35.Bd3
Ng7 36.Kf2 Kf7 37.Ba5 Ke6 38.Ke3 Nb8 39.Bc3 Nd7 40.Ba5 Nb8 41.Bc3 Nd7 42.Ba5
{#d} 1/2-1/2

[Event "Olympiad"]
[Site "Moscow (Russia)"]
[Round "7"]
[White "Milov Vadim (SUI)"]
[Black "Zhuravliov Valerij (LAT)"]
[Result "1-0"]
[WhiteElo "2590"]
[BlackElo "2465"]

1.d4 Nf6 2.c4 d6 3.Nf3 Bg4 4.g3 Bxf3 5.exf3 c6 6.d5 g6 7.Nc3 Bg7 8.Bh3 O-O
9.O-O Nbd7 10.Re1 Re8 11.f4 Nb6 12.Qd3 Nfd7 13.dxc6 bxc6 14.Be3 Nc5 15.Qe2
Nba4 16.Nd1 Rb8 17.Rb1 a5 18.Qc2 e6 19.Bd2 Ra8 20.Ne3 h5 21.Bg2 Qc7 22.a3 Ra7
23.b3 Nb6 24.f5 Kh7 25.Bf3 e5 26.b4 axb4 27.axb4 Ncd7 28.Be4 Nf8 29.fxg6+ fxg6
30.Qd1 Kg8 31.Qf3 Rc8 32.b5 Ra2 33.Red1 c5 34.Ra1 Rxa1 35.Rxa1 Rb8 36.Ra6 Qf7
37.Ba5 Qxf3 38.Bxf3 Nfd7 39.Bc6 Bf8 40.Nd5 Nxd5 41.Bxd5+ Kh8 42.Bc7 Rc8 43.b6
Kg7 44.Be6 {#r} 1-0

[Event "Olympiad"]
[Site "Moscow (Russia)"]
[Round "3"]
[White "Tuvsanaa Nyamaa (MGL)"]
[Black "Broome Tim (HKG)"]
[Result "1-0"]
[WhiteElo "2214"]
[BlackElo "2135"]

1.d4 Nf6 2.c4 d6 3.Nf3 Bg4 4.Nc3 Nbd7 5.e4 e5 6.Be2 g6 7.d5 Bg7 8.Bg5 h6 9.Be3
O-O 10.h3 Bxf3 11.Bxf3 Nh7 12.g4 Qe7 13.Be2 a5 14.Qd2 Nc5 15.Bxh6 Bxh6 16.Qxh6
Qg5 17.Qxg5 Nxg5 18.f3 f6 19.h4 Nf7 20.h5 g5 21.Kd2 c6 22.Rab1 Na6 23.Bd1 c5
24.Ba4 Rab8 25.a3 b6 26.Bb5 Nc7 27.b4 axb4 28.axb4 cxb4 29.Rxb4 Ra8 30.Ra4
Rfd8 31.Rha1 Rxa4 32.Rxa4 Ra8 33.Rxa8+ Nxa8 34.Bc6 Nc7 35.Na4 Na6 36.Nxb6 Nc5
37.Be8 Nd8 38.Nc8 Ndb7 39.Bc6 Na5 40.Nxd6 Nab3+ 41.Ke3 Nd4 42.Nf5 {#r} 1-0

[Event "It (open)"]
[Site "New York (USA)"]
[Round "0"]
[White "Arnett David A (USA)"]
[Black "Hoffmann Asa (USA)"]
[Result "0-1"]
[WhiteElo "2300"]
[BlackElo "2280"]

1.d4 Nf6 2.Nf3 d6 3.c4 Bg4 4.Nc3 Bxf3 5.exf3 e6 6.Bd3 c6 7.O-O g6 8.d5 Nbd7
9.Re1 e5 10.f4 Be7 11.dxc6 bxc6 12.Qf3 Rc8 13.Be3 Qc7 14.g4 exf4 15.Bxf4 Ne5
16.Qg3 O-O 17.c5 Rfe8 18.Rad1 Qa5 19.cxd6 Bxd6 20.Bf1 Bb8 21.b4 Qc7 22.Ba6
Rcd8 23.Rxd8 Qxd8 24.Bxe5 Rxe5 25.Rxe5 Nd7 26.f4 Nxe5 27.fxe5 Qb6+ 28.Kg2 Qxa6
29.Qf4 Qa3 30.Qd4 Qb2+ 31.Kh3 Bc7 32.Qc5 Qd2 33.Qxc6 Qe3+ 34.Kg2 Qxe5 35.Nd5
Qe2+ 36.Kg1 Bxh2+ 37.Kh1 Bg3 38.Qc8+ Kg7 39.Qc3+ Be5 40.Qh3 Qd1+ {#R} 0-1

[Event "Ch Paris (open)"]
[Site "Paris (France)"]
[Round "6"]
[White "Alfonsi Jean-Francois (FRA)"]
[Black "Clarac Jean-Marie (FRA)"]
[Result "1-0"]
[WhiteElo "2067"]
[BlackElo "2140"]

1.d4 Nf6 2.Nf3 d6 3.c4 Bg4 4.Nc3 Bxf3 5.gxf3 e5 6.d5 Nfd7 7.e4 g6 8.Bg2 Bg7
9.Qc2 a5 10.b3 Na6 11.a3 Qh4 12.Be3 O-O 13.Rb1 f5 14.b4 axb4 15.axb4 f4 16.Bd2
g5 17.h3 Qh5 18.Qa4 Nf6 19.Qc2 Qg6 20.Na4 h5 21.b5 Nc5 22.Nxc5 dxc5 23.b6 c6
24.dxc6 bxc6 25.Bc3 Nd7 26.Qd2 Qf7 27.Bf1 Rfb8 28.Rg1 Bf6 29.h4 Nxb6 30.hxg5
Bg7 31.Qd6 Nd7 32.Rxb8+ Rxb8 33.Kd2 Rd8 34.Bh3 Rf8 35.Qe6 Nb6 36.Kc2 Nxc4
37.g6 {#r} 1-0

[Event "Ch Paris (open)"]
[Site "Paris (France)"]
[Round "5"]
[White "Bernard Vincent (FRA)"]
[Black "Mohandesi Shahin (IRI)"]
[Result "1-0"]
[WhiteElo "2212"]
[BlackElo "2320"]

1.d4 Nf6 2.c4 d6 3.Nf3 Bg4 4.Qb3 Qc8 5.h3 Bxf3 6.Qxf3 Nbd7 7.Nc3 e5 8.d5 Be7
9.e4 O-O 10.g4 Qd8 11.g5 Ne8 12.h4 c6 13.Bh3 a5 14.h5 Nc5 15.Qg3 Nc7 16.Bf5 f6
17.Bxh7+ Kxh7 18.g6+ Kg8 19.h6 f5 20.hxg7 Kxg7 21.Rh7+ Kg8 22.Qh3 f4 23.Qh6
{#r} 1-0

[Event "Ch Moravia (open)"]
[Site "Prerov (Czech Republic)"]
[Round "0"]
[White "Pecina Michal (CZE)"]
[Black "Pakosta Miroslav (CZE)"]
[Result "0-1"]
[WhiteElo "2164"]
[BlackElo "2161"]

1.d4 Nf6 2.Nf3 d6 3.c4 Bg4 4.Nc3 Bxf3 5.exf3 g6 6.g3 Bg7 7.Bg2 O-O 8.O-O c6
9.f4 e6 10.b3 d5 11.Re1 Na6 12.Ba3 Re8 13.Qd3 Qa5 14.Bb2 Red8 15.cxd5 Nb4
16.Qe2 Nbxd5 17.Na4 Ne8 18.Nc5 Qc7 19.Nd3 Ne7 20.Ne5 Nf5 21.Rad1 Ned6 22.Bh3
Qa5 23.a4 Qc7 24.Bg2 Ne8 25.Qc4 Nf6 26.b4 Nd5 27.b5 Qb6 28.Qe2 cxb5 29.axb5
Rac8 30.Rc1 Rxc1 31.Rxc1 Nxd4 32.Bxd4 Qxd4 33.Bxd5 Qxd5 34.Rc7 Bxe5 35.Qxe5
Qf3 36.Rc1 Rd1+ 37.Rxd1 Qxd1+ 38.Kg2 Qd5+ {#R} 0-1

[Event "Ch Slovakia"]
[Site "Topolcianky (Slovakia)"]
[Round "10"]
[White "Orsag Milan (CZE)"]
[Black "Priehoda Vitezslav (CZE)"]
[Result "1/2-1/2"]
[WhiteElo "2405"]
[BlackElo "2390"]

1.d4 d6 2.Nf3 Bg4 3.c4 Nf6 4.Nc3 Nbd7 5.g3 Bxf3 6.exf3 e6 7.d5 e5 8.Be2 h5
9.h4 g6 10.Be3 Bh6 11.Bxh6 Rxh6 12.Qd2 Rh8 13.O-O-O a6 14.f4 Ng4 15.Bxg4 hxg4
16.Qe2 f5 17.f3 gxf3 18.Qxf3 Qf6 19.fxe5 Nxe5 20.Qf4 O-O-O 21.Ne4 Qe7 22.Ng5
Rde8 23.Kb1 Nf7 24.Ne6 Nd8 25.Rhe1 Qf6 26.Ng5 b6 27.a3 a5 28.Kc2 Re7 29.Re3
Rhe8 30.Rde1 Re5 31.Nf3 Rxe3 32.Rxe3 Rxe3 33.Qxe3 Kd7 34.Qh6 Nf7 35.Qh7 Kc8
36.Qg8+ Kd7 37.Qh7 Kc8 38.Qg8+ Kd7 39.Qf8 Qe7 40.Qg7 Qe4+ 41.Kc1 Qxf3 42.Qxf7+
Kd8 43.Qg8+ {#d} 1/2-1/2

[Event "It"]
[Site "Volgograd (Russia)"]
[Round "4"]
[White "Poluljahov Aleksandr (RUS)"]
[Black "Chachalev Jurij (RUS)"]
[Result "1/2-1/2"]
[WhiteElo "2485"]
[BlackElo "2205"]

1.d4 Nf6 2.c4 d6 3.Nf3 Bg4 4.Qb3 Qc8 5.Nbd2 e6 6.g3 Nbd7 7.Bg2 Be7 8.h3 Bxf3
9.Qxf3 d5 10.O-O c6 11.e4 dxe4 12.Nxe4 Nxe4 13.Qxe4 O-O 14.Bf4 Qd8 15.Qc2 Bg5
16.Bd6 Be7 17.Bf4 Bg5 18.Bxg5 Qxg5 19.b4 Rfd8 20.Rfe1 Qf6 21.Qc3 Nb6 22.Rad1
Rd7 23.Rd3 Rad8 24.Red1 g6 25.h4 h5 26.a3 Na4 27.Qc2 Nb6 28.Qc3 Na4 29.Qb3 Nb6
{#d} 1/2-1/2

[Event "Oberliga Baden 1993/94"]
[Site "Germany"]
[Date "1994.01.16"]
[Round "5"]
[White "Moller Michael Dr (GER)"]
[Black "Doll Stefan (GER)"]
[Result "1-0"]
[WhiteElo "2185"]
[BlackElo "2255"]

1.Nf3 Nf6 2.c4 d6 3.d4 Bg4 4.Nc3 Bxf3 5.exf3 e5 6.d5 Be7 7.f4 Nbd7 8.Be2 O-O
9.O-O a5 10.Rb1 Nc5 11.fxe5 dxe5 12.Qc2 Qd7 13.b3 Ne8 14.a3 Na6 15.f4 exf4
16.Rxf4 c6 17.Bb2 Bg5 18.Rf5 Be3+ 19.Kh1 Nac7 20.Rd1 cxd5 21.Nxd5 Nd6 22.Nxe3
{#r} 1-0